00960nam a22002657a 4500003000400000005001700004008004100021020003000062040003100092050001500123245014900138260003100287300004600318336002400364337002800388338002500416440001900441504005100460650003200511650003200543650002900575700003100604700002600635700003300661OSt20250317095300.0250317b |||||||| |||| 00| 0 eng d a9783031265716 (hardcover) aNUSTbengcNUSTdNUSTerda aTK2842 DIR aDirect current fault protection : bbasic concepts and technology advances / cedited by Isik C Kizilyalli, John Z Shen and Daniel W Cunningham. aCham : bSpringer,c 2023. axxv, 459 pages :bIllustrations ;c24 cm. 2rdamediaatextbtxt 2rdamediaaunmediatedbn 2rdamediaavolumebnc aPower systems. aIncludes bibliographical references and index. vElectric circuit-breakers.  vElectric currents, Direct.  vElectric fault location. aKizilyalli, Isik CeEditor a Shen, John ZeEditor aCunningham, Daniel WeEditor